<?xml version="1.0" encoding="UTF-8"?>
<resp>
  <nextPage>https://data.bn.org.pl/api/networks/bibs.marcxml?marc=001+b00001150002181&amp;sinceId=1150002182</nextPage>
  <collection>
    <record xmlns='http://www.loc.gov/MARC21/slim'><leader>01366namZa2200397ZiZ4500</leader><controlfield tag='001'>b00001150002181</controlfield><controlfield tag='005'>20241203214654.8</controlfield><controlfield tag='008'>230609s        pl           |000 0 pol c</controlfield><controlfield tag='009'>9913262107605606</controlfield><datafield ind1=' ' ind2=' ' tag='020'><subfield code='a'>837150960X</subfield></datafield><datafield ind1=' ' ind2=' ' tag='035'><subfield code='a'>KR_1KR_1_20120317224853024623-48omnis_kr</subfield></datafield><datafield ind1=' ' ind2=' ' tag='035'><subfield code='a'>KR_1_20120317224853024623</subfield><subfield code='9'>ExL</subfield></datafield><datafield ind1=' ' ind2=' ' tag='035'><subfield code='a'>(PL)b00001150002181</subfield></datafield><datafield ind1=' ' ind2=' ' tag='040'><subfield code='a'>KR_1</subfield><subfield code='c'>KR_1</subfield></datafield><datafield ind1='1' ind2=' ' tag='041'><subfield code='a'>pol</subfield><subfield code='h'>eng</subfield></datafield><datafield ind1='1' ind2=' ' tag='100'><subfield code='a'>Lethem, Jonathan</subfield></datafield><datafield ind1='1' ind2='0' tag='245'><subfield code='a'>Osierocony Brooklyn /</subfield><subfield code='c'>Jonathan Lethem ; tł. Maria Zborowska.</subfield></datafield><datafield ind1=' ' ind2=' ' tag='260'><subfield code='a'>Poznań :</subfield><subfield code='b'>Wydaw. &quot;Zysk i S-ka&quot;,</subfield><subfield code='c'>cop. 1999.</subfield></datafield><datafield ind1=' ' ind2=' ' tag='300'><subfield code='a'>325 s. ;</subfield><subfield code='c'>19 cm.</subfield></datafield><datafield ind1='1' ind2=' ' tag='490'><subfield code='a'>Kameleon</subfield></datafield><datafield ind1=' ' ind2=' ' tag='500'><subfield code='a'>p</subfield></datafield><datafield ind1=' ' ind2='9' tag='650'><subfield code='a'>Powieść amerykańska</subfield><subfield code='y'>20 w.</subfield></datafield><datafield ind1='1' ind2=' ' tag='700'><subfield code='a'>Zborowska, Maria</subfield><subfield code='e'>Tł.</subfield></datafield><datafield ind1=' ' ind2=' ' tag='852'><subfield code='b'>48OMNIS_NETWORK</subfield><subfield code='8'>9913262107605606</subfield></datafield><datafield ind1=' ' ind2=' ' tag='852'><subfield code='b'>48OMNIS_MBPG</subfield><subfield code='8'>991002393699708210</subfield></datafield><datafield ind1=' ' ind2=' ' tag='852'><subfield code='b'>48OMNIS_KR</subfield><subfield code='8'>991000021809708216</subfield></datafield><datafield ind1=' ' ind2=' ' tag='852'><subfield code='8'>22795619020008210</subfield><subfield code='j'>1</subfield><subfield code='b'>F01</subfield><subfield code='p'>10083042</subfield><subfield code='c'>UBYTKI_F01</subfield></datafield><datafield ind1=' ' ind2=' ' tag='852'><subfield code='8'>22795618980008210</subfield><subfield code='j'>1</subfield><subfield code='b'>C</subfield><subfield code='p'>10083049</subfield><subfield code='c'>UBYTKI_C</subfield></datafield><datafield ind1=' ' ind2=' ' tag='852'><subfield code='8'>22795619040008210</subfield><subfield code='j'>1</subfield><subfield code='b'>F02</subfield><subfield code='p'>10083046</subfield><subfield code='c'>UBYTKI_F02</subfield></datafield><datafield ind1=' ' ind2=' ' tag='852'><subfield code='8'>22795619060008210</subfield><subfield code='j'>1</subfield><subfield code='b'>F14</subfield><subfield code='p'>10110389</subfield><subfield code='c'>UBYTKI_F14</subfield></datafield><datafield ind1=' ' ind2=' ' tag='852'><subfield code='8'>22795619000008210</subfield><subfield code='j'>1</subfield><subfield code='b'>F10</subfield><subfield code='p'>10083053</subfield><subfield code='c'>UBYTKI_F10</subfield></datafield><datafield ind1=' ' ind2=' ' tag='852'><subfield code='8'>22795618960008210</subfield><subfield code='j'>1</subfield><subfield code='b'>F12</subfield><subfield code='p'>10083045</subfield><subfield code='c'>UBYTKI_F12</subfield></datafield><datafield ind1=' ' ind2=' ' tag='920'><subfield code='a'>83-7150-960-X</subfield></datafield></record>
  </collection>
</resp>
